Statistiche per Paesi più Vicini agli Stati Uniti

Clicka qui per fare il quiz!

Statistiche generali

  • Questo quiz è stato fatto 2.624 volte
  • Il punteggio medio è 16 su 22

Statistiche sulle risposte

DistanzaPaese% Corretto
0 miCanada
100%
0 miMessico
99%
93 miCuba
93%
1044 miPanama
87%
653 miGuatemala
81%
579 miHaiti
81%
2 miRussia
81%
608 miHonduras
80%
53 miBahamas
79%
1053 miColombia
79%
671 miNicaragua
78%
844 miEl Salvador
77%
953 miCosta Rica
76%
471 miGiamaica
76%
665 miRepubblica Dominicana
76%
1121 miVenezuela
76%
578 miBelize
74%
1366 miGiappone
61%
1311 miAntigua e Barbuda
55%
1248 miSaint Kitts e Nevis
54%
1342 miFrancia (Guadalupa)
43%
1035 miKiribati
27%

Distribuzione punteggi

Percentile per numero di risposta

Percentuale di utenti per punteggio

I tuoi punteggi nel tempo

Non hai fatto questo quiz